DISCRETE MATHEMATICS (Record no. 216592)

MARC details
000 -LEADER
fixed length control field 00437nam a22001697a 4500
008 - FIXED-LENGTH DATA ELEMENTS--GENERAL INFORMATION
fixed length control field 260223b |||||||| |||| 00| 0 eng d
020 ## - INTERNATIONAL STANDARD BOOK NUMBER
International Standard Book Number 978-0-357-11408-7
100 ## - MAIN ENTRY--PERSONAL NAME
Personal name EPP, SUSANNA S.
245 ## - TITLE STATEMENT
Title DISCRETE MATHEMATICS
Remainder of title WITH APPLICATIONS
250 ## - EDITION STATEMENT
Edition statement 5TH ED
260 ## - PUBLICATION, DISTRIBUTION, ETC.
Place of publication, distribution, etc. SINGAPORE
Name of publisher, distributor, etc. CENGAGE
Date of publication, distribution, etc. 2020
300 ## - PHYSICAL DESCRIPTION
Extent XXII, 871P.
500 ## - GENERAL NOTE
General note INCLUDES INDEX
650 ## - SUBJECT ADDED ENTRY
Topical term or geographic name entry element MATHEMATICS
942 ## - ADDED ENTRY ELEMENTS (KOHA)
Source of classification or shelving scheme Library of Congress Classification
Koha item type Reference
Holdings
Withdrawn status Lost status Source of classification or shelving scheme Damaged status Not for loan Collection Home library Current library Shelving location Date acquired Inventory number Total checkouts Full call number Barcode Date last seen Copy number Price effective from Koha item type
    Library of Congress Classification     Science & Technology Kisii University Library Kisii University Library On Display 02/23/2026 111879   QA 39.3 .E 67 2020 A000499 02/23/2026 1 02/23/2026 Long Loan Book
    Library of Congress Classification     Science & Technology Kisii University Library Kisii University Library On Display 02/23/2026 111880   QA39.3 .E67 2020 A000497 02/23/2026 2 02/23/2026 Long Loan Book
    Library of Congress Classification     Science & Technology Kisii University Library Kisii University Library On Display 02/23/2026 111881   QA 39.3 .E 67 2020 A000507 02/23/2026 3 02/23/2026 Long Loan Book
    Library of Congress Classification     Science & Technology Kisii University Library Kisii University Library On Display 02/23/2026 111882   QA 39.3 .E 67 2020 A000496 02/23/2026 4 02/23/2026 Long Loan Book
    Library of Congress Classification     Science & Technology Kisii University Library Kisii University Library On Display 02/23/2026 111883   QA 39.3 .E 67 2020 A000498 02/23/2026 5 02/23/2026 Long Loan Book